000 00666nam a22002417a 4500
001 84988
003 UA-OsUOA
005 20210504204237.0
007 ta
008 20120613b un ||||| |||| 00| 0 ukr d
040 _aUA-OsUOA
_bukr
_cUA-OsUOA
_dUA-OsUOA
041 _aukr
080 _a94(477).063
090 _a94(477).063
_bМ69
100 _aМихайлюк Б.
245 _aБунт Бандери
260 _c1950
_aНа чужині
300 _a104 с.
650 7 _a9 Географія. Біографії. Історія
_2UDC
942 _cBK
_2udc
955 _a2
999 _c371306
_d371306